NBA MVPs since 2000 - Statistics

General Stats
  • This quiz has been taken 112 times
  • The average score is 25 of 26
Answer Stats
Year Team Answer % Correct
2020 Bucks Giannis Antetokounmpo
100%
2019 Bucks Giannis Antetokounmpo
100%
2018 Rockets James Harden
100%
2008 Lakers Kobe Bryant
100%
2013 Heat LeBron James
100%
2012 Heat LeBron James
100%
2010 Cavaliers LeBron James
100%
2009 Cavaliers LeBron James
100%
2024 Nuggets Nikola Jokic
100%
2022 Nuggets Nikola Jokic
100%
2021 Nuggets Nikola Jokic
100%
2016 Warriors Stephen Curry
100%
2015 Warriors Stephen Curry
100%
2007 Mavericks Dirk Nowitzki
98%
2014 Thunder Kevin Durant
98%
2025 Thunder Shai Gilgeous-Alexander
98%
2023 76ers Joel Embiid
96%
2017 Thunder Russell Westbrook
96%
2000 Lakers Shaquille O'Neal
96%
2003 Spurs Tim Duncan
96%
2002 Spurs Tim Duncan
96%
2001 76ers Allen Iverson
95%
2011 Bulls Derrick Rose
94%
2006 Suns Steve Nash
93%
2005 Suns Steve Nash
93%
2004 Timberwolves Kevin Garnett
91%
No matching quizzes found
Score Distribution
Percent of People with Each Score
Percentile by Number Answered
Your Score History
You have not taken this quiz